书目信息 |
| 题名: |
生态城市
|
|
| 作者: | 瑞杰斯特 著 ;王如松 , 于占杰 译 | |
| 分册: | ||
| 出版信息: | 北京 社会科学文献出版社 2010 |
|
| 页数: | 26,418页 | |
| 开本: | 23cm | |
| 丛书名: | ||
| 单 册: | ||
| 中图分类: | X21 | |
| 科图分类: | ||
| 主题词: | 城市环境--生态环境--研究--世界 , 城市环境 , 生态环境 | |
| 电子资源: | ||
| ISBN: | 978-7-5097-1253-5 | |
| 000 | 01418nam0 2200337 45 | |
| 001 | 1130175016 | |
| 005 | 20110309140718.93 | |
| 010 | @a978-7-5097-1253-5@dCNY49.00 | |
| 100 | @a20110110e2010 em y0chiy50 ea | |
| 101 | 1 | @achi@ceng |
| 102 | @aCN@b110000 | |
| 105 | @aa z 000yy | |
| 106 | @ar | |
| 200 | 1 | @a生态城市@ASheng Tai Cheng Shi@e重建与自然平衡的城市@EChong Jian Yu Zi Ran Ping Heng De Cheng Shi@dEcocities:rebuilding cities in balance with nature@f(美) 理查德·瑞吉斯特(Richard Register)著@F( Mei ) Li Cha De· Rui Ji Si Te (Richard Register) Zhu@g王如松,于占杰译@zeng |
| 205 | @a2版@b修订版 | |
| 210 | @a北京@c社会科学文献出版社@d2010 | |
| 215 | @a26,418页@c图@d23cm | |
| 300 | @a城市译丛 | |
| 305 | @a据New Society Publishers 2006年版译出 | |
| 330 | @a本书内容包括:建设形态决定生活方式、进化中的城市、融入自然中的城市、历史上的城市、今日之城市、便捷和交通、生态城市建设的内涵、城市转型的方法步骤等。 | |
| 510 | 1 | @aEcocities@erebuilding cities in balance with nature@zeng |
| 517 | 1 | @a重建与自然平衡的城市@AChong Jian Yu Zi Ran Ping Heng De Cheng Shi |
| 606 | 0 | @a城市环境@x生态环境@x研究@y世界 |
| 606 | 0 | @a城市环境 |
| 606 | 0 | @a生态环境 |
| 690 | @aX21@v4 | |
| 701 | 1 | @a瑞杰斯特@ARui Jie Si Te@g(Register, Richard)@4著 |
| 702 | 0 | @a王如松@AWang Ru Song@4译 |
| 702 | 0 | @a于占杰@AYu Zhan Jie@4译 |
| 801 | 0 | @aCN@bTANGWEI@c20110309 |
| 905 | @b0530141-43@dX21@e163@f3 | |
| 生态城市:重建与自然平衡的城市=Ecocities:rebuilding cities in balance with nature/(美) 理查德·瑞吉斯特(Richard Register)著/王如松,于占杰译.-2版,修订版.-北京:社会科学文献出版社,2010 |
| 26,418页:图;23cm |
| 城市译丛 |
| ISBN 978-7-5097-1253-5:CNY49.00 |
| 本书内容包括:建设形态决定生活方式、进化中的城市、融入自然中的城市、历史上的城市、今日之城市、便捷和交通、生态城市建设的内涵、城市转型的方法步骤等。 |
| ● |
| 相关链接 |
|
|
|
|
正题名:生态城市
索取号:X21/163
 
预约/预借
| 序号 | 登录号 | 条形码 | 馆藏地/架位号 | 状态 | 备注 |
| 1 | 0530141 | 205301412 | 第二样本阅览室/ [索取号:X21/163] | 在馆 | |
| 2 | 0530142 | 205301421 | 密集书库-生命科学系/ [索取号:X21/163] | 在馆 | |
| 3 | 0530143 | 205301430 | 第三借阅区/ [索取号:X21/163] | 在馆 |